Obálka Náhled e-knihy:
PDF Epub
Pro půjčování e-knih musíte být přihlášeni.
Jak si půjčit online?

UTSS Salamis. V jámě lvové /

Pokračování military sci-fi série od českého autora. Válka s Korzáry vrcholí. Na ovládnutí jejich domovské planety ale nemusí stačit ani největší flotila v dějinách...

Uloženo v:
Série:UTSS Salamis, část 5
Hlavní autor: Mařík, Jakub, 1981- (Autor)
Médium: E-kniha
Jazyk:Czech
Vydáno: Praha : Mystery Press, 2024
Vydání:1. vydání
Témata:
Příbuzné jednotky:Z cyklu:: UTSS Salamis
Tagy:
Žádné tagy
LEADER 02842nam a2200421 i 4500
001 312300
003 CZ PrSKC
005 20260601215720.0
007 ta
008 240315s2024 xr g 000 f cze
015 |a cnb003595852 
020 |a 9788075885760  |q (brožováno) 
035 |a (OCoLC)1433647028 
040 |a ABG001  |b cze  |e rda 
072 7 |a 821.162.3-3  |x Česká próza  |2 Konspekt 
080 |a 821.162.3-31  |2 MRF 
080 |a (0:82-311.9)  |2 MRF 
100 1 |a Mařík, Jakub,  |d 1981-  |7 xx0073715  |4 aut 
245 1 0 |a UTSS Salamis.  |p V jámě lvové /  |c Jakub Mařík 
246 3 0 |a V jámě lvové 
250 |a 1. vydání 
264 1 |a Praha :  |b Mystery Press,  |c 2024 
300 |a 436 stran ;  |c 21 cm 
336 |a text  |b txt  |2 rdacontent 
337 |a bez média  |b n  |2 rdamedia 
338 |a svazek  |b nc  |2 rdacarrier 
520 2 |a Pokračování military sci-fi série od českého autora. Válka s Korzáry vrcholí. Na ovládnutí jejich domovské planety ale nemusí stačit ani největší flotila v dějinách...  |b Největší tajemství Korzárů bylo odhaleno a spolu s ním i souřadnice jejich domovského světa. Zatímco špionážní sondy mapují povrch cílové planety a sbírají informace pro nadcházející invazi, na hranici korzárského prostoru se shromažďuje největší válečná flotila v lidských dějinách. Bojová skupina složená z nejsilnějších plavidel UTF a národních flotil, doplněná loděmi sépianských spojenců, se vydává na cestu k srdci korzárské hrozby, aby s ní jednou provždy skoncovala. Korzáři ale o připravované invazi vědí, skrze ovládnuté kapitány a mariňáky znají taktiku protivníka a nemíní svou kůži prodat lacino. Jejich plavidla se v přípravě na nevyhnutelný útok stahují k domovské planetě a spojenečtí velitelé brzy poznají, že když se vydáte do jámy lvové, ani ta nejlepší výzbroj a nejpropracovanější plány lvům nezabrání, aby vám nezkusili prokousnout hrdlo. Nakladatelská anotace. Kráceno. 
546 |a Český text 
655 7 |a české romány  |7 fd133974  |2 czenas 
655 7 |a vědecko-fantastické romány  |7 fd133847  |2 czenas 
655 9 |a Czech fiction  |2 eczenas 
655 9 |a science fiction novels  |2 eczenas 
787 0 8 |i Z cyklu:  |t UTSS Salamis  |g 5  |w (CZ-CtDS)ee9d0a1b-d264-5fae-ae68-0bc3e050c625 
900 |a ABA001  |b 20 
044 |a xr 
910 |a RBIT002 
998 |d 399110  |a https://core.palmknihy.cz/api/books/399110/cover?s97hk9  |b https://core.palmknihy.cz/api/books/399110/cover/400?s97hk9  |c https://core.palmknihy.cz/api/books/399110/cover/50?s97hk9  |e 2029-10-31  |g 440  |i 9788075885760  |j https://core.palmknihy.cz/api/books/399110/preview.epub  |k https://core.palmknihy.cz/api/books/399110/preview.pdf  |l   |q 49  |r 1  |s https://www.palmknihy.cz/kniha/399110  |t ebook  |y 2024  |z 0  |v UTSS Salamis  |w 5 
999 |d 312298